| 000 | 00468nam a2200193Ia 4500 | ||
|---|---|---|---|
| 005 | 20250603145748.0 | ||
| 008 | 250603s9999 xx 000 0 und d | ||
| 020 | _a9781259921803 | ||
| 050 | _aHA 29 .L56/ | ||
| 100 | _aLind, Douglas A. | ||
| 245 | 0 | _aStatistical techniques in business and economics | |
| 250 | _a17th ed. | ||
| 260 | _aNew York | ||
| 260 | _bMcGraw_Hill Education | ||
| 260 | _c2018 | ||
| 300 | _a863 p | ||
| 650 | _aNew York | ||
| 942 | _cBK | ||
| 999 |
_c42781 _d42781 |
||